Company Headquarters (US) Quiz Stats

 Plays Quiz Updated Aug 13, 2019

Score 0/18 Timer 05:00
0 Plays Today
Company City % Correct
StarbucksSeattle, WA
86.9%
General MotorsDetroit, MI
78%
Coca-ColaAtlanta, GA
69%
The Boeing CompanyChicago, IL
58.9%
Levi Strauss & CompanySan Francisco, CA
48.8%
FedEx CorporationMemphis, TN
33.5%
Berkshire HathawayOmaha, NE
27.6%
Adobe SystemsSan Jose, CA
25.3%
Kellogg CompanyBattle Creek, MI
22.4%
Company City % Correct
WalmartBentonville, AR
21.4%
Microsoft CorporationRedmond, WA
17.7%
Apple Inc.Cupertino, CA
15.9%
NikeBeaverton, OR
12%
DisneyBurbank, CA
9.2%
AT&TDallas, TX
7.4%
Johnson & JohnsonNew Brunswick, NJ
5%
IBMArmonk, NY
4.4%
Stanley WorksNew Britain, CT
2.4%

You're not logged in!

Compare scores with friends on all Sporcle quizzes.
OR
Log In

Sporcle TV

Today on Sporcle TV


Watch our educational content, quiz creation guides, and fun videos on Sporcle TV.

Show Comments

Extras

Top Quizzes Today


Score Distribution

Your Account Isn't Verified!

In order to create a playlist on Sporcle, you need to verify the email address you used during registration. Go to your Sporcle Settings to finish the process.

Report this User

Report this user for behavior that violates our Community Guidelines.

Details: